Acteurs francophones dans les films américains par images - Statistiques

Statistiques générales
  • Ce quiz a été pris 12 911 fois
  • Le résultat moyen est 10 sur 16
Statistiques - réponses
Par images Hint Réponse % Correct
Jurassic World - 2015 Omar Sy
98%
Le Loup de Wall Street - 2013 Jean Dujardin
94%
Inception - 2010 Marion Cotillard
89%
Green Card - 1990 Gérard Depardieu
87%
Black Swan - 2010 Vincent Cassel
84%
Mission impossible - 1996 Jean Reno
81%
Le Jour le plus long - 1962 Bourvil
59%
Bloodsport - 1988 Jean-Claude Van Damme
58%
Spectre - 2015 Léa Seydoux
53%
Independence Day: Resurgence - 2016 Charlotte Gainsbourg
50%
Da Vinci Code - 2006 Audrey Tautou
48%
Casino Royale - 2006 Eva Green
37%
Matrix Reloaded - 2003 Lambert Wilson
37%
Inglourious Basterds - 2009 Mélanie Laurent
37%
The Disappearance of Eleanor Rigby - 2013 Isabelle Huppert
34%
Au-delà - 2010 Cécile de France
24%
Aucun quiz correspondant
Distribution des résultats
% des personnes avec chaque résultat
Percentile par nombre de réponses
Votre historique - résultats
Vous n’avez pas pris ce quiz